000 00563nam a2200205 4500
003 OSt
005 20240619064535.0
006 a
008 240619b |||||||| |||| 00| 0 eng d
020 _a9789715847674
040 _aDWCL-Main lib.
_cOC
082 _aFil. 658.87 On58m 2009
100 _aOng, Flocer Lao
245 _aMerchandising for beginners : a workbook /
260 _aQuezon City :
_bC & E Pub.,
_cc2009.
300 _b132 p. ;
_c26 cm.
650 _a1. Retail trade–Workbook.
650 _a2. Merchandising.
942 _2ddc
_n0
_cBK - FIL
_kFil.
999 _c898
_d898